| 000 | 00951nam a2200277Ia 4500 | ||
|---|---|---|---|
| 003 | OSt | ||
| 005 | 20221005113118.0 | ||
| 006 | a|||||r|||| 00| 0 | ||
| 007 | ta | ||
| 008 | 221004b |||||||| |||| 00| 0 pan d | ||
| 020 | _c550 | ||
| 024 | _a117094 | ||
| 037 |
_b579, 04/02/2012, H.K. Prakashan _cTextual |
||
| 040 |
_aCRL _cCRL _bpan |
||
| 041 |
_2pan _apan |
||
| 082 | _aY73(P153):351, 153P3 | ||
| 100 | _aਚਰਨਜੀਤ ਕੌਰ | ||
| 245 | 0 | _aਬਿਰਹੜਾ ਲੋਕ ਗੀਤ | |
| 260 |
_aਦਿੱਲੀ _bਮਨਪ੍ਰੀਤ ਪ੍ਰਕਾਨ ਭਾਰਤ _c2003 |
||
| 300 |
_a447ਪੰ _ccm. |
||
| 650 | _a ਲੋਕਗੀਤ ਪੰਜਾਬ | ||
| 650 | _a ਲੋਕਧਾਰਾ ਪੰਜਾਬ | ||
| 650 |
_aਸਮਾਜ ਵਿਗਿਆਨ _9156353 |
||
| 942 |
_hY73(P153):351, 153P3 _cTEXL _2cc |
||
| 999 |
_c1027092 _d1027092 |
||